LEADER 00959nam0-22002891i-450- 001 990000063810403321 035 $a000006381 035 $aFED01000006381 035 $a(Aleph)000006381FED01 035 $a000006381 100 $a20011111d--------km-y0itay50------ba 101 0 $aita 105 $ay-------001yy 200 1 $aGuide pour l'essai des machines à vapeur et la production économique de la vapeur...$ecomplément du traité "Lesmachines a vapeur actuelles"$fJacques Buchetti. 210 $aParis$cB. Tignol$ds.d. 215 $a285 p.$cill., 9 tav. f.t.$d22 cm 610 0 $aMacchine a vapore 676 $a621.1 700 1$aBuchetti,$bJacques$04051 801 0$aIT$bUNINA$gRICA$2UNIMARC 901 $aBK 912 $a990000063810403321 952 $a13 AR 23 A 59$b1142$fFINBC 959 $aFINBC 996 $aGuide pour l'essai des machines à vapeur et la production économique de la vapeur..$9111388 997 $aUNINA DB $aING01 LEADER 06825nam 2200733 a 450 001 9910962701103321 005 20251117100604.0 010 $a1-61499-240-1 035 $a(CKB)2670000000356090 035 $a(EBL)1183055 035 $a(SSID)ssj0000906687 035 $a(PQKBManifestationID)12422820 035 $a(PQKBTitleCode)TC0000906687 035 $a(PQKBWorkID)10861219 035 $a(PQKB)11756220 035 $a(Au-PeEL)EBL1183055 035 $a(CaPaEBR)ebr10697709 035 $a(CaONFJC)MIL494412 035 $a(MiAaPQ)EBC1183055 035 $a(OCoLC)841486673 035 $a(BIP)44327396 035 $a(BIP)43302523 035 $a(EXLCZ)992670000000356090 100 $a20130524d2013 uy 0 101 0 $aeng 135 $aur|n|---||||| 181 $ctxt 182 $cc 183 $acr 200 10$aData and knowledge for medical decision support $eproceedings of the EFMI Special Topic Conference, 17-19 April 2013, Prague, Czech Republic /$fedited by Bernd Blobel, Arie Hasman and Jana Zva?rova? 205 $a1st ed. 210 $aAmsterdam $cIOS Press$d2013 215 $a1 online resource (224 p.) 225 1 $aStudies in health technology and informatics,$x0926-9630 ;$vv. 186 300 $aDescription based upon print version of record. 311 08$a1-61499-239-8 320 $aIncludes bibliographical references and indexes. 327 $aTitle Page; Preface; EFMI STC 2013 Program Committee and Reviewers; Information on EFMI Working Groups; Contents; Invited Papers; Knowledge Representation and Management Enabling Intelligent Interoperability - Principles and Standards; Handling Intra-Cluster Correlation when Analyzing the Effects of Decision Support on Health Care Process Measures; Basics and Requirements for Medical Decision Support Systems; How Turing and Wolf Influenced My Decision Support Systems; Designing Prognostic Models by Reinforcing Linear Separation; Personalized Medicine and the Need for Decision Support Systems 327 $aAnalyzing the ""CareGap"": Assessing Gaps in Adherence to Clinical Guidelines in Adult Soft Tissue SarcomaA Novel Way of Integrating Rule-Based Knowledge into a Web Ontology Language Framework; Attitudes and Experience of Dutch General Practitioners Regarding Computerized Clinical Decision Support; A Comparison of English and French Approaches to Providing Patients Access to Summary Care Records: Scope, Consent, Cost; Global Quality Indicators for Primary Care Electronic Patient Records; Knowledge Representation and Management 327 $aStructured Knowledge Acquisition for Defining Guideline-Compliant PathwaysTempolenses with Variable Magnification for Sonic Representation of Medical Data. Application for Cardiac Signals; System for Selecting Relevant Information for Decision Support; Computational Cognitive Modeling for the Diagnosis of Specific Language Impairment; Entropy-Driven Decision Tree Building for Decision Support in Gastroenterology; Sharing and Reusing Multimedia Multilingual Educational Resources in Medicine; An Ontolological Treatment of Clinical Prediction Rules Implementing the Alvarado Score 327 $aSimultaneously Authoring and Modeling Clinical Practice Guidelines: A Case Study in the Therapeutic Management of Type 2 Diabetes in FranceMedical Decision Support Solutions; A Conceptual Framework for Automating the Operational and Strategic Decision-Making Process in the Health Care Delivery System; Supporting Drug Prescription Through Autocompletion; Physicians Perceptions of an Educational Support System Integrated into an Electronic Health Record; Project I-COP - Architecture of Software Tool for Decision Support in Oncology 327 $aDesign and Implementation of the Standards-Based Personal Intelligent Self-Management System (PICS)Prognostic Decision Support Using Symbolic Dynamics in CTG Monitoring; Rule-Based Healthcare-Associated Bloodstream Infection Classification and Surveillance System; Diagnostic Decision Support of Heart Rate Turbulence in Sleep Apnea Syndrome; Utilization of Ontology Look-Up Services in Information Retrieval for Biomedical Literature; A Proposed Novel Method for CHD Screening by Fetal Heart Murmur Detection Using Phonocardiography; DIOS - Database of Formalized Chemotherapeutic Regimens 327 $aAdverse Drug Event Prevention in Neonatal Care: A Rule-Based Approach 330 $aEnsuring patient safety and providing high-quality health services are the dominant challenges faced by healthcare systems around the world today. The sharing of advanced knowledge and best practice in diagnosis, therapy, process optimization and prevention are essential to achieve this goal; this includes enhanced networking socially and technologically as well as the inclusion of public health and social sciences.This book contains the proceedings of the 13th European Federation for Medical Informatics (EFMI) Special Topic Conference (STC), held in Prague, Czech Republic, in April 2013. The EFMI STC 2013 is EuropeOCOs leading forum for presenting the results of current scientific work in health informatics processes, systems and technologies this year. The title of this 13th conference is Data and Knowledge for Medical Decision Support, and the conference addresses this important field, linking traditional and translational medicine with natural sciences and technology with a view to the design, implementation and deployment of intelligent systems which will meet the expectations of developers and users such as health professionals and patients.Within this context, the authors included here address the important issues of knowledge representation and management, appropriate terminologies and ontologies, the development of reasoning engines, and the modeling and simulation of real systems for decision making. The hot topics of Big Data and Analytics also receive attention." 410 0$aStudies in health technology and informatics ;$vv. 186. 606 $aMedicine$xDecision making$xData processing$vCongresses 606 $aClinical medicine$xDecision making$xData processing$vCongresses 606 $aExpert systems (Computer science)$vCongresses 606 $aDecision support systems$vCongresses 615 0$aMedicine$xDecision making$xData processing 615 0$aClinical medicine$xDecision making$xData processing 615 0$aExpert systems (Computer science) 615 0$aDecision support systems 676 $a610.285 701 $aBlobel$b Bernd$01628400 701 $aHasman$b Arie$01601431 701 $aZva?rova?$b Jana$01866649 801 0$bMiAaPQ 801 1$bMiAaPQ 801 2$bMiAaPQ 906 $aBOOK 912 $a9910962701103321 996 $aData and knowledge for medical decision support$94474063 997 $aUNINA